| Поле | Название | Значение |
| |
Тип записи |
a |
| |
Библиографический уровень |
m |
| 001 |
Контрольный номер |
af55fefa65ea4fd7b21a851f4dfeed64 |
| 005 |
Дата корректировки |
20260326145025.2 |
| 010 |
Индекс ISBN |
__ |
| a |
ISBN |
978-5-17-163467-4 |
| b |
Уточнения |
в пер. |
| 9 |
Тираж |
1500 экз. |
| d |
Цена |
960-80 |
| 100 |
Данные общей обработки |
__ |
| a |
Данные общей обработки |
20260323d2025 m y0rusy028902 ca |
| 101 |
Язык документа |
1_ |
| a |
Язык текста |
rus |
| c |
Язык оригинала |
eng |
| 102 |
Страна публикации |
__ |
| a |
Страна публикации |
RU |
| 105 |
Кодированные данные (монография) |
__ |
| a |
Кодированные данные (монография) |
y z 000ay |
| 181 |
Поле кодированных данных: вид содержания |
_0 |
| a |
Код вида содержания (ISBD) |
i |
| 182 |
Поле кодированных данных: тип средства |
_0 |
| a |
Код типа средства (ISBD) |
n |
| 200 |
Заглавие и сведения об ответственности |
1_ |
| a |
Заглавие |
Главная героиня |
| e |
Сведения, относящиеся к заглавию |
роман |
| f |
Первые сведения об ответственности |
Жаклин Голдис |
| g |
Последующие сведения об ответственности |
перевод с английского Александра Клемешова |
| 203 |
Вид содержания и тип средства |
__ |
| a |
Вид содержания |
Текст |
| c |
Тип средства |
непосредственный |
| 210 |
Выходные данные |
1_ |
| a |
Место издания |
Москва |
| c |
Издательство |
АСТ |
| c |
Издательство |
Жанровая литература |
| d |
Дата издания |
2025 |
| 215 |
Физическое описание |
__ |
| a |
Объем |
478, [1] с. |
| d |
Формат |
21 см |
| 225 |
Серия |
2_ |
| a |
Серия |
Объявлено убийство |
| 330 |
Аннотация |
__ |
| a |
Аннотация |
Джиневра Экс – успешная писательница, известная своим необычным подходом к созданию бестселлеров. Она черпает вдохновение в реальной жизни: нанимает людей, берет у них интервью, а затем творчески перерабатывает эти диалоги, попутно придумывая сюжет лихо закрученного детектива. Главной героиней новой книги Джиневры становится Рори. Молодая женщина в восторге от предложения писательницы, ведь в качестве бонуса Джиневра преподносит той роскошный подарок – железнодорожное путешествие по Италии на легендарном "Восточном экспрессе". |
| 333 |
Примечание о целевом назначении |
__ |
| a |
Примечание о целевом назначении |
18+. Запрещено для детей |
| 454 |
Оригинал |
_0 |
| 1 |
|
2001 |
| a |
|
The main character |
| 1 |
|
700 1 |
| a |
|
Goldis |
| b |
|
J. |
| g |
|
Jaclyn |
| 606 |
Тематические рубрики |
__ |
| a |
Основная рубрика |
Художественная литература |
| 2 |
Код системы |
nlr_sh |
| 606 |
Тематические рубрики |
__ |
| a |
Основная рубрика |
Литература Америки (произведения) |
| y |
Географическая подрубрика |
США |
| y |
Географическая подрубрика |
Соединенные Штаты Америки |
| 2 |
Код системы |
nlr_sh |
| 610 |
Ключевые слова |
0_ |
| a |
Ключевые слова |
зарубежная литература |
| 610 |
Ключевые слова |
0_ |
| a |
Ключевые слова |
современная литература |
| 610 |
Ключевые слова |
0_ |
| a |
Ключевые слова |
американская литература |
| 610 |
Ключевые слова |
0_ |
| a |
Ключевые слова |
романы |
| 610 |
Ключевые слова |
0_ |
| a |
Ключевые слова |
триллеры |
| 610 |
Ключевые слова |
0_ |
| a |
Ключевые слова |
детективы |
| 610 |
Ключевые слова |
0_ |
| a |
Ключевые слова |
герметичные детективы |
| 610 |
Ключевые слова |
0_ |
| a |
Ключевые слова |
женские детективы |
| 610 |
Ключевые слова |
0_ |
| a |
Ключевые слова |
тайны прошлого |
| 610 |
Ключевые слова |
0_ |
| a |
Ключевые слова |
современные детективы |
| 610 |
Ключевые слова |
0_ |
| a |
Ключевые слова |
зарубежные детективы |
| 610 |
Ключевые слова |
0_ |
| a |
Ключевые слова |
ошибки прошлого |
| 686 |
Индексы других классификаций |
__ |
| a |
Классификационный индекс |
84(7Сое)6-445; ст84(7Сое)-445 |
| 2 |
Код системы |
rubbks |
| 700 |
Автор |
_1 |
| a |
Фамилия |
Голдис |
| b |
Имя |
Ж. |
| g |
Полное личное имя |
Жаклин |
| 4 |
Код отношения |
070 |
| 702 |
Вторичная интеллектуальная ответственность |
_1 |
| a |
Фамилия |
Клемешов |
| b |
Имя |
А. |
| 4 |
Код отношения |
730 |
| g |
Полное личное имя |
Александр |
| 801 |
Источник записи |
_0 |
| a |
Страна |
RU |
| b |
Организация |
Муниципальное бюджетное учреждение культуры "Централизованная библиотечная система" г. Сургут (Центральная городская библиотека им. А. С. Пушкина) |
| g |
Правила каталогизации |
PSBO |
| c |
Дата составления |
20260323 |
| 801 |
Источник записи |
_1 |
| a |
Страна |
RU |
| b |
Организация |
Муниципальное бюджетное учреждение культуры "Централизованная библиотечная система" г. Сургут (Центральная городская библиотека им. А. С. Пушкина) |
| g |
Правила каталогизации |
PSBO |
| c |
Дата составления |
20260323 |
| 852 |
Данные о местонахождении |
__ |
| j |
Шифр хранения |
84(7Сое)6-4 |
| i |
Авторский знак |
Г 60 |
| 900 |
Макрообъекты |
__ |
| a |
Макрообъекты |
Главная героиня. Голдис, Ж., 2025 |
| 901 |
Тип документа |
__ |
| t |
Тип документа |
m |
| a |
Ответственный |
ООФиК/Волкова |
| 901 |
Тип документа |
__ |
| a |
Ответственный |
4 партия |
| 903 |
Характеристики (МАРС) |
__ |
| a |
Дата передачи |
20260323 |
| c |
Наименование библиотеки (МАРС) |
Муниципальное бюджетное учреждение культуры "Централизованная библиотечная система" г. Сургут (Центральная городская библиотека им. А. С. Пушкина) |
| 990 |
Данные о заказе (DOS) |
__ |
| j |
Количество экземпляров (DOS) |
2 |
| t |
N записи в КСУ для И/У (DOS) |
202604 |
| 996 |
Контроль за деятельностью лиц, находящихся под иностранным влиянием |
__ |
| b |
Текстовое указание |
Содержит информацию о наркотических или психотропных веществах, употребление которых опасно для здоровья. Их незаконный оборот влечет уголовную ответственность |